|
|
|
|
| LEADER |
00847nam a22002298a 4500 |
| 001 |
00020218 |
| 005 |
20171026081025.0 |
| 008 |
110513s ||||||Viesd |
| 041 |
0 |
# |
|a Vie
|
| 082 |
1 |
4 |
|a 510.71
|b TH552H
|
| 245 |
0 |
0 |
|a Thực hành giải toán cấp II
|b Tài liệu dùng cho CĐSP và SP cấp II
|
| 260 |
# |
# |
|a H.
|b [ Knxb ]
|
| 300 |
# |
# |
|a 414 tr.
|c 19 cm.
|
| 500 |
# |
# |
|a ĐTTS ghi : Trung tâm nghiên cứu đòa tạo bồ dưỡng giáo viên
|
| 650 |
# |
4 |
|a Toán học
|
| 653 |
# |
# |
|a Bài tập
|
| 852 |
# |
# |
|b Kho giáo trình
|j KGT.0001348, KGT.0001349
|
| 852 |
# |
# |
|b Kho mượn
|j KGT.0001348
|
| 852 |
# |
# |
|b Kho đọc
|j KD.0005591
|
| 852 |
# |
# |
|j KD.0005591
|j KGT.0001349
|j KGT.0001348
|
| 910 |
0 |
# |
|a nhnam
|d 13/05/2011
|
| 980 |
# |
# |
|a Trung tâm Học liệu Lê Vũ Hùng, Trường Đại học Đồng Tháp
|